000 00343nam a2200109Ia 4500
008 240129s9999 xx 000 0 und d
100 _aMISHRA, CHAITANYA
245 0 _aCONFINEMENT OF CIRCULAR RCC COLUMNS UNDER PURE AXIAL COMPRESSION BY MS RINGS
260 _bMEWAR UNIVERSITY, CHITTORGARH
_c2021
650 _aCivil Engineering
942 _cTHE
999 _c218967
_d218967